| 000 | 00488nam a2200193Ia 4500 | ||
|---|---|---|---|
| 003 | GCL | ||
| 008 | 140319s9999 xx 000 0 eng d | ||
| 040 |
_aGCL / _cGCL |
||
| 082 | 0 | 4 |
_a892.76 _bI E |
| 100 | 1 | _aSONALLAH, IBRAHIM | |
| 245 | 1 | 0 |
_aETOILE D'AOUT / _cSONALLAH, IBRAHIM |
| 260 |
_a[S.N] : _bLA BIBLIATHEQUE DE ARTS ، _c1987 |
||
| 300 | _a310 P | ||
| 650 | 0 | 4 | _aLITERATURE |
| 650 | 0 | 4 | _aARABIC LITERATURE |
| 650 | 0 | 4 | _aFICTION |
| 650 | 0 | 4 | _aARABIC FICTION |
| 942 |
_2ddc _cBK |
||
| 999 |
_c13956 _d13956 |
||